| 000 | 01676nam0a22003611 4500 | ||
|---|---|---|---|
| 001 | rc\495353 | ||
| 005 | 20250621105542.0 | ||
| 010 |
_a5-610-00410-1 _91000 |
||
| 035 | _a(NLR Aleph) 005736915 | ||
| 090 |
_a7634443 _c7634443 |
||
| 100 | _a20030616d1988 |||y0rusy50 ca | ||
| 101 | 0 | _arus | |
| 102 | _aRU | ||
| 105 | _aa ||||||||| | ||
| 200 | 1 |
_aПарус времени _eСтихи _e[XIV Всесоюз. фестиваль молодых поэтов, Алма-Ата-87 _fХудож. Б. Оспанов] |
|
| 210 |
_aАлма-Ата _cЖалын _d1988 |
||
| 215 |
_a102, [1] с. _cил. _d17 |
||
| 327 | 0 | _aСодерж.: Авт.: Г. Абильдаева, М. Акдаулетов, А. Ахмедов, А. Бальберюс, А. Бокенов, Б. Бугумбаев, В. Булыга, М. Гонашвили, А. Джабиев, М. Диордиева и др. | |
| 464 | 0 |
_1700#1$aАбильдаева$bГ. _aАбильдаева, Г. |
|
| 464 | 0 |
_1700#1$aАкдаулетов$bМ. _aАкдаулетов, М. |
|
| 464 | 0 |
_1700#1$aАхмедов$bА. _aАхмедов, А. |
|
| 464 | 0 |
_1700#1$aБальберюс$bА. _aБальберюс, А. |
|
| 464 | 0 |
_1700#1$aБокенов$bА. _aБокенов, А. |
|
| 464 | 0 |
_1700#1$aБугумбаев$bБ. _aБугумбаев, Б. |
|
| 464 | 0 |
_1700#1$aБулыга$bВ. _aБулыга, В. |
|
| 464 | 0 |
_1700#1$aГонашвили$bМ. _aГонашвили, М. |
|
| 464 | 0 |
_1700#1$aДжабиев$bА. _aДжабиев, А. |
|
| 464 | 0 |
_1700#1$aДиордиева$bМ. _aДиордиева, М. |
|
| 801 | 0 |
_aRU _bNLR _gpsbo |
|
| 801 | 1 |
_aRU _bELAR _2rusmarc |
|
| 852 |
_aNLR _j88-2/1760 |
||
| 942 | _cBOOK | ||
| 980 | _aNB | ||